[Event "Hvar Arsenal blitz op"]
[Site "Hvar"]
[Date "2022.10.11"]
[Round "2"]
[White "Radovanovic, Stjepan"]
[Black "Gulan, Dane"]
[Result "1/2-1/2"]
[WhiteElo "1178"]
[BlackElo "1640"]
[PlyCount "89"]
[EventDate "2022.10.11"]
[EventType "swiss (blitz)"]
[EventRounds "11"]
[EventCountry "CRO"]
[SourceTitle "CBM 210 Extra"]
[Source "ChessBase"]
[SourceDate "2022.11.30"]
[SourceVersion "1"]
[SourceVersionDate "2022.11.30"]
[SourceQuality "1"]

1. e4 e5 2. Bc4 Bc5 3. Nf3 d6 4. c3 Nf6 5. 0-0 0-0 6. d4 exd4 7. cxd4 Bb6 8. Re1 Bg4 9. Bg5 h6 10. Bh4 g5 11. Bg3 Nc6 12. e5 dxe5 13. dxe5 Qxd1 14. Rxd1 Bxf3 15. gxf3 Nh5 16. Nc3 Nxg3 17. hxg3 Nxe5 18. Be2 c6 19. f4 Ng6 20. fxg5 hxg5 21. Rd7 Rab8 22. Ne4 Rbd8 23. Rad1 Rxd7 24. Nf6+ Kg7 25. Nxd7 Rd8 26. Nxb6 Rxd1+ 27. Bxd1 axb6 28. Kg2 Ne5 29. Be2 b5 30. b3 f6 31. f4 gxf4 32. gxf4 Nd7 33. b4 Nb6 34. Bf3 Kf7 35. Be4 Ke7 36. Kg3 Nc4 37. Kg4 Ne3+ 38. Kf3 Nd1 39. Bf5 Nc3 40. Bc8 Nxa2 41. Bxb7 Nxb4 42. Ke4 Kd6 43. Kf5 Nd5 44. Bc8 Ne7+ 45. Kxf6 1/2-1/2

[Event "Hvar Arsenal blitz op"]
[Site "Hvar"]
[Date "2022.10.11"]
[Round "10"]
[White "Sevelj, Berislav"]
[Black "Gulan, Dane"]
[Result "0-1"]
[WhiteElo "1719"]
[BlackElo "1640"]
[PlyCount "59"]
[EventDate "2022.10.11"]
[EventType "swiss (blitz)"]
[EventRounds "11"]
[EventCountry "CRO"]
[SourceTitle "CBM 210 Extra"]
[Source "ChessBase"]
[SourceDate "2022.11.30"]
[SourceVersion "1"]
[SourceVersionDate "2022.11.30"]
[SourceQuality "1"]

1. e4 e5 2. Nf3 Nc6 3. Bb5 a6 4. Ba4 Nf6 5. 0-0 Be7 6. d3 b5 7. Bb3 d6 8. c3 0-0 9. Re1 Bg4 10. Bg5 h6 11. Bh4 Na5 12. Bc2 c5 13. Nbd2 Rc8 14. Rc1 Nc6 15. b3 a5 16. a4 b4 17. Bb1 bxc3 18. Rxc3 Nd4 19. h3 Bh5 20. g4 Nxf3+ 21. Nxf3 Bg6 22. Qd2 d5 23. Nxe5 dxe4 24. Nxg6 fxg6 25. Qe3 Nd5 26. Bxe7 Qxe7 27. Qd2 Nxc3 28. Qxc3 Qf6 29. Re2 Qxc3 30. Kg2 0-1